000 00266nam a22001217a 4500
008 180912b xxu||||| |||| 00| 0 eng d
041 _aeng
080 _a159.9
100 _a49
101 _aPSI
245 _aModern Clinical Psychiatry
_cKolb,N
942 _2udc
_cBK
999 _c47699
_d47699